Nuevas aportaciones sobre Derecho de Marcas y Derecho Concursal El contrato de licencia como referente /

Bibliographic Details
Main Author: Ortuǫ Baeza, M.® Teresa
Format: eBook
Language:Spanish
Published: Madrid: Marcial Pons, 2010
Subjects:
Online Access:Acceso restringido

MARC

LEADER 00000nam a22000007a 4500
005 2017021405115.0
007 cr|||| ||||
008 170214s2010 es |||||s|||| 00||0 spa d
020 |a 978-84-9123-088-5 
035 |a 14693 
040 |a vLex 
090 |c 6543  |d 6543 
100 1 |a Ortuǫ Baeza, M.® Teresa 
245 1 0 |a Nuevas aportaciones sobre Derecho de Marcas y Derecho Concursal  |h [Recurso electrn̤ico] :  |b El contrato de licencia como referente /  |c M.® Teresa Ortuǫ Baeza 
256 |a Servicio en ln̕ea 
260 |a Madrid:  |b Marcial Pons,  |c 2010 
300 |a 1 recurso electrn̤ico 
506 1 |a Disponible solo en los productos indicados  |d vLex Global  |d vLex Global (Academic Edition, excluding Law Schools)  |d vLex Global (U.S. Academic Edition, Law Schools)  |d vLex Global (U.S. Academic Edition, excluding Law Schools)  |d vLex Global (Academic Edition, Law Schools) 
650 0 4 |a Derecho Mercantil y de la Empresa  |z Espaą 
740 0 |a vLex Libros (Servicio en ln̕ea) 
856 4 0 |u http://vlex.com/source/nuevas-aportaciones-derecho-marcas-derecho-concursal-14693  |z Acceso restringido 
942 |c BOOK 
999 0 |a Commercial and Company Law